000 01187nam a2200277 i 4500
003 EG-GICUC
005 20260121101229.0
008 251116s1956 ua ||||fr|||| 000 0 ara d
040 _a EG-GICUC
_bara
_c EG-GICUC
_d EG-GICUC
_erda
082 0 4 _221
_a341.8
_bأ ح . ق
092 0 4 _221
099 _aLaw1 12 341.8 أ ح . ق 1956
100 0 _aأحمد مسلم
_eمؤلف.
245 _aالقانون الدولي الخاص.
_cأحمد مسلم .
_nالجزء الاول ،
_pفي الجنسية و مركز الأجانب و تنازع القوانين /
264 1 _aالقاهرة:
_bدار النهضة العربية,
_c1956.
300 _a547 ؛صفحة
_c27 سم
336 _2rda content
_atext
337 _2rda media
_aComputer
338 _2rda carrier
_aOnline Resource
504 _aيحتوي على اراجاعات ببليوجرافية يحتوي على قائمة بالمراجع.
546 _aالنص أغلبه باللغة العربية مع بعض النصوص الفرنسية
650 1 _aالقانون الدولي الخاص
856 4 0 _uhttps://fll.law.cu.edu.eg/fulltext/bks/B12-00169.pdf
905 _a75
_eYara
942 _2ddc
_cBK
_e21
_n0
999 _c43645
_d43645